| 000 | 01367cam a2200349 a 4500 | ||
|---|---|---|---|
| 001 | 14907216 | ||
| 005 | 20161205105404.0 | ||
| 008 | 070628s2008 maua |r 001 0 eng | ||
| 010 | _a 2007026797 | ||
| 020 | _a9780071267045 | ||
| 020 | _a0071267042 | ||
| 035 | _a(OCoLC)ocn148730549 | ||
| 035 | _a(OCoLC)148730549 | ||
| 040 |
_aDLC _cDLC _dYDX _dBTCTA _dBAKER _dYDXCP _dBWX _dDLC |
||
| 043 | _an-us--- | ||
| 050 | 0 | 0 |
_aHG181 _b.S33 2008 |
| 082 | 0 | 0 |
_a332.1068 _222 _bSAU |
| 100 | 1 |
_913147 _aSaunders, Anthony, _d1949- |
|
| 245 | 1 | 0 |
_aFinancial Institutions Management : _bA Risk Management Approach / _cAnthony Saunders, Marcia Millon Cornett. |
| 250 | _a6th ed. | ||
| 260 |
_aBoston : _bMcGraw-Hill Irwin, 2008 _cc2008. |
||
| 300 |
_axxii, 871 p. : _bill. ; _c27 cm. |
||
| 490 | _aThe McGraw-Hill/Irwin series in finance, insurance, and real estate | ||
| 500 | _aIncludes index. | ||
| 650 | 0 |
_aFinancial institutions _zUnited States _xManagement. _913148 |
|
| 650 | 0 |
_aRisk management _zUnited States. _913149 |
|
| 650 | 0 |
_aFinancial services industry _zUnited States _xManagement. _913150 |
|
| 700 | 1 |
_aCornett, Marcia Millon. _913151 |
|
| 856 | 4 | 1 |
_3Table of contents only _uhttp://www.loc.gov/catdir/toc/ecip0721/2007026797.html |
| 942 |
_2ddc _cBB |
||
| 999 |
_c13790 _d13790 |
||